Sports Quiz

Random Sports or Cricket Quiz

Test Cricket Countries Quiz Stats

 Plays Quiz Updated Jul 17, 2018

Score 0/12 Timer 03:00
7 Plays Today
Gained Test Status Country % Correct
1932India
96.5%
1877England
96%
1877Australia
94.3%
1952Pakistan
90.1%
1930New Zealand
89.1%
1889South Africa
85.6%
2018Ireland
84.6%
1982Sri Lanka
78.9%
2000Bangladesh
77.1%
1928West Indies
73.6%
2018Afghanistan
70.2%
1992Zimbabwe
39.1%

You're not logged in!

Compare scores with friends on all Sporcle quizzes.
OR
Log In

Sporcle TV

Today on Sporcle TV


Watch our educational content, quiz creation guides, and fun videos on Sporcle TV.

Show Comments

Extras

Top Quizzes Today


Score Distribution

Your Account Isn't Verified!

In order to create a playlist on Sporcle, you need to verify the email address you used during registration. Go to your Sporcle Settings to finish the process.

Report this User

Report this user for behavior that violates our Community Guidelines.

Details: